00389nam a2200157Ia 4500008004100000020001800041082001600059100002200075245002600097250000800123260002900131300001200160500002400172650001500196700002000211230524s9999 xx 000 0 und d a9788131502778 a658.12bMAC aS.Scott MacDonald 0aManagement of Banking a6TH aNEW DELHIbCengagec2009 aXIV;545 aQuantity Number: 2 aManagement a Timothy W.Koch